[Event "Titled Tue 20th May Early"]
[Site "chess.com INT"]
[Date "2025.05.20"]
[Round "4"]
[White "Beerdsen, Thomas"]
[Black "Khamdamova, Afruza"]
[Result "1-0"]
[WhiteTitle "GM"]
[BlackTitle "WIM"]
[WhiteElo "2535"]
[BlackElo "2344"]
[WhiteFideId "1030108"]
[BlackFideId "14210444"]
[EventDate "2025.05.20"]

1. e4 e5 2. Nc3 Nf6 3. f4 d5 4. fxe5 Nxe4 5. Nf3 Nxc3 6. bxc3 c5 7. d4 Nc6 8.
Bd3 Bg4 9. O-O Be7 10. Kh1 h6 11. Be3 c4 12. Be2 O-O 13. Rb1 b6 14. Qe1 Bf5 15.
Qg3 Kh8 16. Ng5 Bg6 17. Ne6 Qd7 18. Nxf8 Rxf8 19. Bg4 Qe8 20. Bf5 Bxf5 21. Rxf5
Nd8 22. Rbf1 Ne6 23. Rh5 Kh7 24. Qh3 Rh8 25. Bxh6 g6 26. Rh4 Bxh4 27. Qxh4 Kg8
28. Qh3 Ng7 29. Qe3 Qe6 30. Bxg7 Kxg7 31. Qf4 Rh5 32. Qf6+ Qxf6 33. Rxf6 Rh4 34.
Kg1 Re4 35. Kf2 b5 36. a3 a5 37. Rb6 Rf4+ 38. Ke2 Re4+ 39. Kf3 Re1 40. Rxb5 Rc1
41. Rxd5 Rxc2 42. Rxa5 Rxc3+ 43. Ke4 Rc2 44. Rc5 Re2+ 45. Kf3 Rc2 46. d5 Kf8 47.
d6 Ke8 48. Rc7 c3 49. a4 Rc1 50. Kg3 Re1 51. Rxc3 Rxe5 52. Rd3 Kd7 53. Rd4 Re3+
54. Kf4 Re2 55. Kf3 Ra2 56. h4 Ra3+ 57. Kf4 Ra2 58. g4 Rf2+ 59. Kg3 Ra2 60. h5
gxh5 61. gxh5 Ra1 62. Rh4 Rg1+ 63. Kf4 Kxd6 64. h6 Rg8 65. h7 Rh8 66. Kf5 Ke7
67. a5 f6 68. a6 Kf7 69. a7 1-0

[Event "Titled Tue 20th May Early"]
[Site "chess.com INT"]
[Date "2025.05.20"]
[Round "4"]
[White "Mitrabha, Guha"]
[Black "Cernov, Henrik"]
[Result "1-0"]
[WhiteTitle "GM"]
[BlackTitle "FM"]
[WhiteElo "2515"]
[BlackElo "2325"]
[WhiteFideId "5057000"]
[BlackFideId "16258312"]
[EventDate "2025.05.20"]

1. c4 e5 2. Nc3 Nf6 3. Nf3 e4 4. Ng5 c6 5. Ngxe4 Nxe4 6. Nxe4 d5 7. cxd5 cxd5 8.
Ng3 h5 9. e3 h4 10. Ne2 Nc6 11. h3 Bd6 12. a3 Qf6 13. d4 O-O 14. Nc3 Bf5 15. Be2
Qg6 16. Bg4 Rfe8 17. O-O Rad8 18. Bxf5 Qxf5 19. Qg4 Qxg4 20. hxg4 Be7 21. Bd2
Bf6 22. Rac1 g6 23. b4 Rd7 24. Na4 Be7 25. b5 Nb8 26. Bb4 b6 27. Rc2 Bxb4 28.
axb4 Rde7 29. Rfc1 Re6 30. Nc3 Rd6 31. g5 a6 32. Ra1 axb5 33. Nxb5 Rc6 34. Rxc6
Nxc6 35. Nc7 Rd8 36. b5 Na5 37. Na6 Rc8 38. Nb4 Rc3 39. Nxd5 Rb3 40. Nc7 Rc3 41.
Na8 Nc4 42. Rd1 Ra3 43. Nc7 Nd6 44. Rc1 Rb3 45. Kh2 Nxb5 46. Nxb5 Rxb5 47. Rc6
Rxg5 48. Rxb6 Rf5 49. f3 g5 50. e4 Ra5 51. d5 Kg7 52. Kh3 f6 53. d6 Ra2 54. Rb5
Kf7 55. Rd5 Ke8 56. e5 fxe5 57. Rxe5+ Kd7 58. Rxg5 Kxd6 59. Kxh4 Ke6 60. g3 Kf6
61. f4 Rh2+ 62. Kg4 Ra2 63. Rf5+ Kg6 64. Rb5 Ra6 65. Kh4 Rc6 66. g4 Kh6 67. Rh5+
Kg6 68. f5+ Kg7 69. Kg5 Ra6 70. Rh3 Rb6 71. Rd3 Rb7 72. Rd6 Ra7 73. Kh5 Ra5 74.
Kg5 Ra7 75. Rg6+ Kf7 76. Rh6 Kg7 77. f6+ Kg8 78. Rh3 Ra5+ 79. Kg6 Ra7 80. g5
Rg7+ 81. Kf5 Ra7 82. Rc3 Ra8 83. Rc7 1-0

[Event "Titled Tue 20th May Early"]
[Site "chess.com INT"]
[Date "2025.05.20"]
[Round "4"]
[White "Ebrahimi Herab, Hamidreza"]
[Black "Shubenkova, Veronika"]
[Result "1-0"]
[WhiteTitle "FM"]
[BlackTitle "WFM"]
[WhiteElo "2404"]
[BlackElo "2024"]
[WhiteFideId "22512888"]
[BlackFideId "44124040"]
[EventDate "2025.05.20"]

1. d4 d5 2. c4 e6 3. Nc3 f5 4. Nf3 Nf6 5. g3 c6 6. Bg2 Bd6 7. O-O Nbd7 8. Bf4
Qe7 9. cxd5 exd5 10. Re1 O-O 11. Rb1 Ne4 12. Qc2 a6 13. Bxd6 Nxd6 14. e3 Ne4 15.
b4 Qd6 16. a4 b5 17. Nxe4 fxe4 18. Ne5 Nxe5 19. dxe5 Qe6 20. Qc3 Bb7 21. Qd4 Rf7
22. axb5 axb5 23. Ra1 Re8 24. Ra7 Qxe5 25. Qb6 Qb2 26. Rf1 Ref8 27. f4 exf3 28.
Bh3 Bc8 29. Rxf7 Rxf7 30. Qb8 Rf8 31. Rxf3 Qc1+ 32. Rf1 Qxe3+ 33. Kh1 Rxf1+ 34.
Bxf1 Qf3+ 35. Kg1 Qf8 36. Qc7 Bf5 37. Qxc6 Be4 38. Qxb5 h6 39. Qc5 Qf6 40. Qf2
Qd6 41. b5 d4 42. Qe1 Bg6 43. Bc4+ Kh7 44. Qe6 Qc5 45. Qg8# 1-0

[Event "Titled Tue 20th May Early"]
[Site "chess.com INT"]
[Date "2025.05.20"]
[Round "4"]
[White "Tekeyev, Zaur"]
[Black "Manukian, Artak"]
[Result "1-0"]
[WhiteTitle "IM"]
[WhiteElo "2417"]
[BlackElo "2104"]
[WhiteFideId "4199731"]
[BlackFideId "13301373"]
[EventDate "2025.05.20"]

1. e4 c6 2. d4 d5 3. e5 Bf5 4. h4 h5 5. Bd3 Bxd3 6. Qxd3 e6 7. Bg5 Qa5+ 8. Nd2
Qa6 9. c4 Bb4 10. b3 Nh6 11. Ne2 Nf5 12. O-O Nd7 13. Nf3 Be7 14. Qc2 Bxg5 15.
Nxg5 g6 16. g3 O-O 17. Rfd1 Rac8 18. c5 b6 19. b4 Rfd8 20. a4 Nf8 21. Rac1 Nh7
22. Nf3 Qb7 23. Rb1 b5 24. axb5 cxb5 25. Ra1 Ne7 26. Nf4 Nf8 27. Nd3 Nc6 28. Qd2
Ra8 29. Rdb1 a6 30. Kh2 Ra7 31. Ng5 Rda8 32. Nf3 Qe7 33. Ra3 Qc7 34. Rab3 Nh7
35. Qf4 Qe7 36. Nde1 Rd7 37. Ng2 f6 38. exf6 Qxf6 39. Qe3 Re8 40. Re1 Qf7 41.
Nf4 Nf6 42. Kg2 Ng4 43. Qd3 Qf5 44. Qxf5 gxf5 45. Nxh5 Kf7 46. Nf4 Ra7 47. Ng5+
Kf6 48. Rxe6+ Rxe6 49. Ngxe6 1-0

[Event "Titled Tue 20th May Early"]
[Site "chess.com INT"]
[Date "2025.05.20"]
[Round "4"]
[White "Buchenau, Frank"]
[Black "Roienko, Artur"]
[Result "0-1"]
[WhiteTitle "FM"]
[WhiteElo "2190"]
[BlackElo "2215"]
[WhiteFideId "4604350"]
[BlackFideId "14136732"]
[EventDate "2025.05.20"]

1. e4 c6 2. Nf3 d5 3. d3 dxe4 4. dxe4 Qxd1+ 5. Kxd1 Bg4 6. Be2 Nd7 7. Ne1 Bxe2+
8. Kxe2 O-O-O 9. Nd3 e5 10. Be3 f6 11. Nd2 Ne7 12. a4 Kb8 13. Nc4 Nc8 14. f4
exf4 15. Bxf4+ Ka8 16. a5 Nc5 17. Rhe1 Nxe4 18. Kf3 Ned6 19. Nxd6 Bxd6 20. Bxd6
Nxd6 21. Re7 Nf5 22. Rf7 Rhf8 23. Rxf8 Rxf8 24. Re1 Nd4+ 25. Kf2 Nxc2 26. Re7
Rg8 27. Nc5 b6 28. axb6 axb6 29. Ne6 g6 30. Rxh7 Nb4 31. Rf7 Nd3+ 32. Ke3 Nxb2
33. Kd4 Na4 34. Rxf6 Kb7 35. Rf7+ Ka6 36. h4 c5+ 37. Kd5 Kb5 38. Nc7+ Kb4 39. g4
Nc3+ 40. Kc6 b5 41. Nxb5 Nxb5 42. Rb7 Rc8+ 43. Kd7 Rf8 44. Kc6 Rf6+ 45. Kd7 Rf7+
46. Kc8 Rxb7 47. Kxb7 c4 48. h5 gxh5 49. gxh5 c3 50. h6 Nd6+ 51. Ka7 Nf7 52. h7
c2 53. h8=Q Nxh8 0-1

[Event "Titled Tue 20th May Early"]
[Site "chess.com INT"]
[Date "2025.05.20"]
[Round "4"]
[White "Kavutskiy, Kostya"]
[Black "Reshetnikov, Alexey"]
[Result "1-0"]
[WhiteTitle "IM"]
[BlackTitle "IM"]
[WhiteElo "2356"]
[BlackElo "2492"]
[WhiteFideId "2026384"]
[BlackFideId "4162080"]
[EventDate "2025.05.20"]

1. Nf3 d5 2. g3 Nf6 3. Bg2 Bf5 4. O-O e6 5. c4 c6 6. Qb3 Qb6 7. d3 Bc5 8. Nc3
Nbd7 9. Na4 Qxb3 10. axb3 Bd6 11. Be3 O-O 12. Bd4 e5 13. Bc3 d4 14. c5 Be7 15.
Bd2 Be6 16. b4 h6 17. Rfc1 Nd5 18. e4 Nc7 19. Ne1 g5 20. Bf3 Kg7 21. Bd1 f5 22.
f3 f4 23. Ra3 Nb5 24. Raa1 h5 25. Kg2 Rad8 26. b3 Rf6 27. Nb2 Rdf8 28. Nc4 Rg6
29. Na5 Rb8 30. Nc4 fxg3 31. hxg3 h4 32. g4 Rh6 33. Kh3 Kg6 34. f4 gxf4 35. Nf3
Bf6 36. Be2 Rg8 37. Rg1 Kf7 38. Na5 Rb8 39. Kh2 Rg6 40. g5 Be7 41. Nc4 Bxc4 42.
bxc4 Nc3 43. Bxc3 dxc3 44. Bf1 a6 45. Bh3 Re6 46. g6+ Kf6 47. Bxe6 Kxe6 48. g7
Rg8 49. Rac1 Bf6 50. Rxc3 Bxg7 51. Rc2 Kf7 52. Rcg2 Nf8 53. Nxe5+ Bxe5 54. Rxg8
f3+ 55. Kh3 Bg3 56. R8xg3 hxg3 57. Kxg3 Ng6 58. Kxf3 Ne5+ 59. Ke3 Ke6 1-0

[Event "Titled Tue 20th May Early"]
[Site "chess.com INT"]
[Date "2025.05.20"]
[Round "4"]
[White "Atakhan, Abtin"]
[Black "Pavlov, Nikolay"]
[Result "1-0"]
[WhiteTitle "IM"]
[BlackTitle "FM"]
[WhiteElo "2410"]
[BlackElo "2316"]
[WhiteFideId "22502203"]
[BlackFideId "24141470"]
[EventDate "2025.05.20"]

1. c4 e5 2. g3 c6 3. Nf3 e4 4. Nd4 d5 5. cxd5 Qxd5 6. Nc2 Nf6 7. Nc3 Qh5 8. h3
Bc5 9. Bg2 O-O 10. b4 Bb6 11. Ne3 Re8 12. Qc2 a5 13. Rb1 axb4 14. Rxb4 Ba5 15.
Rd4 Bb6 16. Rd6 Nbd7 17. Nxe4 Nxe4 18. Bxe4 Qe5 19. Bxh7+ Kh8 20. Rxd7 Bxd7 21.
Bd3 Bxe3 22. dxe3 Qd5 23. O-O Bxh3 24. e4 Qxa2 25. Qxa2 Rxa2 26. Re1 Ra1 27. f3
Be6 28. Kf2 Kg8 29. f4 f6 30. Ke3 c5 31. Bb5 Rd8 32. f5 Bb3 33. Bd2 Rxe1 34.
Bxe1 Rd1 35. Bc3 Rc1 36. Kd2 Rg1 37. e5 fxe5 38. Bxe5 Kf7 39. e4 Ba2 40. Ke3
Re1+ 41. Kf4 Rb1 42. Bd7 b5 43. Bd6 Rd1 44. e5 c4 45. e6+ Kg8 46. e7 Rf1+ 47.
Kg5 Re1 48. Be6+ Rxe6 49. fxe6 1-0

[Event "Titled Tue 20th May Early"]
[Site "chess.com INT"]
[Date "2025.05.20"]
[Round "4"]
[White "Vasilenok, Anton"]
[Black "Soham, Kamotra"]
[Result "1-0"]
[WhiteTitle "CM"]
[BlackTitle "IM"]
[WhiteElo "2137"]
[BlackElo "2407"]
[WhiteFideId "34133124"]
[BlackFideId "46647490"]
[EventDate "2025.05.20"]

1. d4 Nf6 2. c4 e6 3. Nf3 b6 4. g3 Bb7 5. Bg2 Be7 6. O-O O-O 7. Nc3 Ne4 8. Qc2
Nxc3 9. bxc3 f5 10. d5 Na6 11. Nd4 Nc5 12. a4 a5 13. Ba3 Qc8 14. f3 g6 15. e4 e5
16. Nb5 fxe4 17. fxe4 d6 18. Rxf8+ Bxf8 19. Bxc5 bxc5 20. Rf1 Qd7 21. h4 Bc8 22.
Kh2 Qe7 23. Qe2 h5 24. Bh3 Bxh3 25. Kxh3 Qd7+ 26. Kg2 Bh6 27. Rf3 Rf8 28. Rxf8+
Kxf8 29. Qf3+ Ke8 30. Kf2 Bf8 31. Kg2 Be7 32. Qe3 Bd8 33. Qh6 Qg4 34. Qh7 Qxe4+
35. Kh2 Qe2+ 36. Kh3 Qe4 37. Kh2 Qf5 38. Nxc7+ Bxc7 39. Qxc7 Qf2+ 40. Kh3 Qg1
41. Qc8+ Kf7 42. Qe6+ Kf8 43. Qxd6+ Kg8 44. Qxg6+ Kf8 45. Qf5+ Kg7 46. Qxe5+ Kf8
47. Qf5+ Ke7 48. Qxh5 Qh1+ 49. Kg4 Qe4+ 50. Kg5 Qe5+ 51. Kh6 Qh8+ 52. Kg6 Qf6+
53. Kh7 Kd8 54. Qg5 Ke7 55. Qxf6+ Kxf6 56. g4 1-0

[Event "Titled Tue 20th May Early"]
[Site "chess.com INT"]
[Date "2025.05.20"]
[Round "4"]
[White "Ashraf, Artin"]
[Black "Khodashenas, Mersad"]
[Result "0-1"]
[WhiteTitle "FM"]
[BlackTitle "IM"]
[WhiteElo "2407"]
[BlackElo "2471"]
[WhiteFideId "22514805"]
[BlackFideId "12514195"]
[EventDate "2025.05.20"]

1. d4 d5 2. Nf3 Nf6 3. Bf4 c5 4. e3 Nc6 5. Nbd2 e6 6. c3 cxd4 7. exd4 Nh5 8. Be3
Bd6 9. Bd3 Nf4 10. Bxf4 Bxf4 11. O-O O-O 12. Re1 Qd6 13. Nf1 Bd7 14. Ne3 Rae8
15. g3 Bxe3 16. Rxe3 f6 17. Qc2 g6 18. Rae1 Kg7 19. Nh4 Ne7 20. f4 b5 21. a3 a5
22. b4 Rc8 23. Nf3 Rc7 24. Qb2 Rfc8 25. Bb1 Nc6 26. R1e2 Nd8 27. Ne1 Qb6 28. g4
Nf7 29. Nd3 Rxc3 30. Nc5 Rxe3 31. Rxe3 Rc7 32. Qe2 Bc8 33. h4 axb4 34. axb4 Qa7
35. Qd2 Qa1 36. Re1 Qa3 37. Re3 Qa1 38. Re1 Qa7 39. g5 h6 40. gxf6+ Kxf6 41. h5
gxh5 42. Qc2 Qa3 43. Qg6+ Ke7 44. Nxe6 Bxe6 45. Qxe6+ Kf8 46. Re3 Qc1+ 47. Re1
Qa3 48. Qe3 Rc3 49. Qe7+ Kg7 50. Kh1 Rh3+ 51. Kg2 Qg3+ 52. Kf1 Qf3+ 53. Kg1 Rh1# 0-1

[Event "Titled Tue 20th May Early"]
[Site "chess.com INT"]
[Date "2025.05.20"]
[Round "4"]
[White "Bigabylov, Zhuban"]
[Black "Pein, Jonathan"]
[Result "1/2-1/2"]
[WhiteTitle "FM"]
[BlackTitle "FM"]
[WhiteElo "2031"]
[BlackElo "2237"]
[WhiteFideId "13701495"]
[BlackFideId "417092"]
[EventDate "2025.05.20"]

1. d4 g6 2. c4 Bg7 3. e4 Nc6 4. Be3 e5 5. d5 Nd4 6. Nf3 c5 7. dxc6 dxc6 8. Bxd4
exd4 9. Bd3 Ne7 10. O-O O-O 11. Nbd2 c5 12. Re1 Nc6 13. a3 a5 14. h3 Re8 15. Nh2
Qc7 16. Bf1 b6 17. g3 a4 18. f4 Bb7 19. Bg2 d3 20. Kh1 Bxb2 21. Ra2 Bd4 22. Ndf3
Rad8 23. Ng4 Bg7 24. Re3 Nd4 25. Nxd4 cxd4 26. Rxd3 Bxe4 27. Bxe4 Rxe4 28. Re2
Rxe2 29. Qxe2 Qxc4 30. h4 h5 31. Nf2 b5 32. Qe7 Qd5+ 33. Kh2 Bf8 34. Qe2 b4 35.
axb4 Bxb4 36. Kh3 Kg7 37. g4 hxg4+ 38. Nxg4 Qf5 39. Rg3 d3 40. Qb2+ f6 41. Qxb4
Rd7 42. Kg2 d2 43. Ne3 d1=Q 44. Nxd1 Rxd1 45. Qe7+ Kg8 46. Qe8+ Kg7 47. Qe7+ Kg8
48. Qe8+ Kh7 49. Qf7+ Kh8 50. Qf8+ Kh7 51. Qf7+ Kh6 52. Qf8+ Kh7 53. Qf7+ 1/2-1/2

[Event "Titled Tue 20th May Early"]
[Site "chess.com INT"]
[Date "2025.05.20"]
[Round "4"]
[White "Tran, Vo Quoc Bao"]
[Black "Nebel, Jens"]
[Result "1-0"]
[BlackTitle "CM"]
[WhiteElo "2096"]
[BlackElo "2212"]
[WhiteFideId "12425184"]
[BlackFideId "4689232"]
[EventDate "2025.05.20"]

1. e4 c5 2. Nf3 d6 3. d4 cxd4 4. Nxd4 Nf6 5. Nc3 g6 6. f3 Bg7 7. Be3 O-O 8. Qd2
Nc6 9. O-O-O Nxd4 10. Bxd4 Be6 11. Kb1 Qc7 12. h4 Rfc8 13. h5 Qa5 14. hxg6 hxg6
15. a3 Rab8 16. g4 b5 17. Bd3 Bc4 18. g5 Nh5 19. Bxg7 Kxg7 20. Bxc4 Rxc4 21. Nd5
Qxd2 22. Rxd2 Rb7 23. Re1 a5 24. e5 dxe5 25. Rxe5 e6 26. Nc3 b4 27. axb4 axb4
28. Ne4 Rbc7 29. b3 R4c6 30. Rb5 f5 31. gxf6+ Nxf6 32. Nxf6 Kxf6 33. Rxb4 g5 34.
Kb2 Rc3 35. Rf2 e5 36. Rg4 Kf5 37. Rfg2 Rxf3 38. Rxg5+ Ke6 39. Re2 Rc5 40. b4
Rb5 41. c3 Rf5 42. Rg8 Rb7 43. Kb3 Rc7 44. Re8+ Kd6 45. Rd2+ Kc6 46. Rd3 Rh7 47.
c4 Rh4 48. b5+ Kc7 49. Kb4 Rff4 50. Re7+ Kc8 51. Rc3 e4 52. b6 Rh6 53. Kb5 Kd8
54. Re5 Kd7 55. c5 Rf1 56. Rxe4 Rb1+ 57. Rb4 Rxb4+ 58. Kxb4 Kc6 59. Rg3 Rh4+ 60.
Ka5 Kxc5 61. Rc3+ Kd6 62. Rc1 Rh2 63. b7 Rb2 64. Ka6 Kd7 65. Ka7 Ra2+ 66. Kb8
Rb2 67. Rd1+ Kc6 68. Kc8 Rxb7 69. Rc1+ Kb6 70. Rb1+ Ka7 71. Rxb7+ Ka8 72. Rb1 1-0

[Event "Titled Tue 20th May Early"]
[Site "chess.com INT"]
[Date "2025.05.20"]
[Round "4"]
[White "Ghimoyan, Narek"]
[Black "Zaw, Ye Htut"]
[Result "1-0"]
[WhiteTitle "CM"]
[BlackTitle "CM"]
[WhiteElo "2273"]
[BlackElo "2180"]
[WhiteFideId "13315412"]
[BlackFideId "13013955"]
[EventDate "2025.05.20"]

1. d4 Nf6 2. c4 c5 3. d5 b5 4. cxb5 a6 5. Nc3 g6 6. e4 d6 7. bxa6 Bxa6 8. Bxa6
Nxa6 9. Nf3 Bg7 10. O-O O-O 11. a4 Nb4 12. Ra3 Qb6 13. Nd2 Qa6 14. Nb5 Qb7 15.
Re1 Nd7 16. Nc4 Ne5 17. Nxe5 Bxe5 18. Qe2 Rfc8 19. g3 c4 20. h4 Nd3 21. h5 Nxe1
22. Qxe1 Qd7 23. Kg2 Qg4 24. h6 f5 25. exf5 gxf5 26. Rf3 Qe4 27. Qd2 Bf6 28. Nc3
Qg4 29. Qe2 Kh8 30. Qe6 Bxc3 31. bxc3 Qe4 32. Qf7 Rg8 33. Be3 Raf8 34. Bd4+ Qxd4
35. Qxf8 Rxf8 36. cxd4 Ra8 37. Ra3 Ra5 38. Kf3 Kg8 39. Kf4 Kf7 40. Kxf5 Rxd5+
41. Ke4 Ra5 42. d5 e6 43. dxe6+ Kxe6 44. f4 Kd7 45. Kd4 Kc6 46. g4 d5 47. g5 Ra8
48. f5 Re8 49. Re3 Rxe3 50. Kxe3 Kc5 51. f6 d4+ 52. Kd2 Kb4 53. f7 c3+ 54. Kd3
Kb3 55. f8=Q c2 56. Qb8+ 1-0

[Event "Titled Tue 20th May Early"]
[Site "chess.com INT"]
[Date "2025.05.20"]
[Round "4"]
[White "Lloret Ramis, Juan Jose"]
[Black "Marynychenko, Yehor"]
[Result "0-1"]
[WhiteTitle "FM"]
[BlackTitle "CM"]
[WhiteElo "2019"]
[BlackElo "2183"]
[WhiteFideId "2204053"]
[BlackFideId "34160558"]
[EventDate "2025.05.20"]

1. d4 Nf6 2. Bg5 Ne4 3. Bf4 g5 4. Bc1 h6 5. f3 Nf6 6. e4 c5 7. dxc5 e5 8. Nc3
Bxc5 9. Bc4 Qc7 10. Bb3 Nc6 11. Nge2 d6 12. a3 Be6 13. Qd3 Bxb3 14. cxb3 Qb6 15.
Na4 Qc7 16. Nxc5 dxc5 17. Be3 Nd4 18. Bxd4 exd4 19. Rc1 b6 20. Nxd4 Qd7 21. e5
Nh5 22. Qe4 Rd8 23. Ne2 Nf4 24. O-O Nxe2+ 25. Qxe2 O-O 26. Kh1 Qe6 27. f4 Rd5
28. Rce1 gxf4 29. Rxf4 Rfd8 30. Rf6 Qxe5 31. Qg4+ Qg5 32. Qxg5+ hxg5 33. Kg1 Kg7
34. Rf2 R8d7 35. Rfe2 Rd3 36. Re3 Rd2 37. R1e2 Kf6 38. Kf2 Kg6 39. Rf3 Rxe2+ 40.
Kxe2 f5 41. Rc3 f4 42. b4 cxb4 43. axb4 Rd4 44. Rc7 Rxb4 45. Rxa7 Rxb2+ 46. Kf3
Kf5 47. Rf7+ Ke6 48. Rg7 Kf6 49. Rb7 b5 50. h4 Rb3+ 51. Kf2 gxh4 52. Rh7 b4 53.
Rxh4 Kg5 54. Rh8 Rb2+ 0-1

[Event "Titled Tue 20th May Early"]
[Site "chess.com INT"]
[Date "2025.05.20"]
[Round "4"]
[White "Tan, Jun Ying"]
[Black "Matyakubov, Miraziz"]
[Result "1-0"]
[WhiteTitle "FM"]
[BlackTitle "CM"]
[WhiteElo "2414"]
[BlackElo "2272"]
[WhiteFideId "5710413"]
[BlackFideId "14215772"]
[EventDate "2025.05.20"]

1. g3 Nf6 2. Bg2 e6 3. c4 d5 4. Nf3 Be7 5. O-O d4 6. d3 O-O 7. e3 c5 8. exd4
cxd4 9. Bg5 Nc6 10. Na3 h6 11. Bxf6 Bxf6 12. Nc2 a5 13. a3 a4 14. Nb4 Bd7 15.
Nd2 Qb6 16. Ne4 Be7 17. Nxc6 Bxc6 18. Qe2 Rfe8 19. Rab1 e5 20. Qh5 Bf8 21. f4
Bxe4 22. Bxe4 g6 23. Qf3 exf4 24. Qxf4 f5 25. Bd5+ Kg7 26. Rbe1 Bd6 27. Qf2 Re3
28. g4 f4 29. Be4 Ra5 30. Qh4 Rg5 31. Kh1 Qb3 32. Qf2 Rxg4 33. Rg1 Rg5 34. Rxg5
hxg5 35. Rg1 Be7 36. Qd2 Qb6 37. Qg2 Qe6 38. Bxb7 Rxd3 39. Bd5 Qe3 40. Qg4 Rd2
41. Qc8 Bf8 42. Qd7+ Qe7 43. Qxa4 f3 44. Bxf3 Qe5 45. Qd7+ Kh8 46. Qh3+ Kg7 47.
Bd5 Bd6 48. Qd7+ Be7 49. Qh3 Qf4 50. Rf1 Rxh2+ 51. Kg1 Qxf1+ 52. Qxf1 Rh3 53.
Qf7+ Kh6 54. Qxe7 Rg3+ 55. Kf2 g4 56. Qf8+ Kg5 57. Qe7+ Kf4 58. Qc7+ Kg5 59.
Qxg3 d3 60. Bf3 d2 61. Bxg4 Kf6 62. Bd1 g5 63. Qd3 Ke6 64. Qxd2 g4 65. Kg3 Ke5
66. Bxg4 Kf6 67. Qf4+ 1-0

[Event "Titled Tue 20th May Early"]
[Site "chess.com INT"]
[Date "2025.05.20"]
[Round "4"]
[White "Rothuis, Vincent"]
[Black "Pranesh, M"]
[Result "1-0"]
[WhiteTitle "IM"]
[BlackTitle "GM"]
[WhiteElo "2346"]
[BlackElo "2576"]
[WhiteFideId "1011936"]
[BlackFideId "35028600"]
[EventDate "2025.05.20"]

1. e4 Nc6 2. Nf3 e5 3. Bc4 Nf6 4. d3 d5 5. exd5 Nxd5 6. O-O Nb6 7. Bb5 Bd6 8.
Bxc6+ bxc6 9. Re1 O-O 10. Nxe5 Qh4 11. Re4 Qf6 12. Ng4 Qg6 13. Ne5 Bxe5 14. Rxe5
Bg4 15. f3 f6 16. Re3 Bh3 17. Qf1 Nd5 18. Re2 Rae8 19. Rf2 Re5 20. Bd2 Rfe8 21.
Nc3 h5 22. Kh1 Bf5 23. Ne4 h4 24. c4 Nb6 25. Bf4 R5e7 26. Re1 Na4 27. b3 Nc5 28.
h3 Ne6 29. Be3 a6 30. Rfe2 Kf7 31. Qf2 Qh7 32. Bc1 Rd7 33. Ba3 Rxd3 34. Nc5 Rdd8
35. Nxe6 Rxe6 36. Rxe6 Bxe6 37. Qa7 Rd7 38. Qxa6 Qc2 39. Qxc6 Bf5 40. Qa8 Be6
41. Qf8+ Kg6 42. Rxe6 Rd1+ 43. Kh2 Qf2 44. Qe8+ Kh6 45. Qh8+ Kg6 46. Qe8+ Kf5
47. Re5+ Kf4 48. Re4+ Kf5 49. Re5+ Kf4 50. Re4+ Kf5 51. Qh5+ g5 52. Qh7# 1-0

[Event "Titled Tue 20th May Early"]
[Site "chess.com INT"]
[Date "2025.05.20"]
[Round "4"]
[White "Sharshenbekov, Emir"]
[Black "Zhauynbay, Alimzhan"]
[Result "0-1"]
[WhiteTitle "CM"]
[BlackTitle "CM"]
[WhiteElo "2091"]
[BlackElo "2077"]
[WhiteFideId "13810634"]
[BlackFideId "13782657"]
[EventDate "2025.05.20"]

1. e4 c5 2. Nf3 d6 3. Bb5+ Nd7 4. O-O a6 5. Bd3 Ngf6 6. c3 e6 7. Re1 b5 8. a4 c4
9. Bc2 Bb7 10. axb5 axb5 11. Rxa8 Qxa8 12. Na3 Be7 13. Nxb5 O-O 14. Na3 Nxe4 15.
Nxc4 Nef6 16. d4 Rc8 17. Ne3 Bf8 18. Nf1 Nb6 19. Bg5 Nfd7 20. Qd3 g6 21. N1d2
Bg7 22. h4 h5 23. Ne4 Nc4 24. b3 Bxe4 25. Qxe4 d5 26. Qd3 Nd6 27. Nd2 Qa5 28.
Re3 Nf5 29. Rh3 e5 30. dxe5 Nxe5 31. Qe2 Rxc3 32. Bxf5 gxf5 33. Qxh5 Rc1+ 34.
Nf1 Rb1 35. Qe2 Rb2 36. Bd2 Qb6 37. h5 Rxb3 38. Rxb3 Qxb3 39. h6 Bf6 40. Ng3
Qb1+ 41. Qf1 Qc2 42. Bf4 Ng6 43. Nh5 Bd4 44. Qe1 Kh7 45. Be3 Be5 46. Bg5 d4 47.
f4 Bd6 48. Qe8 Qd1+ 49. Kh2 Qxh5+ 50. Kg1 Nxf4 51. Bf6 Qd1+ 52. Kf2 Nd3# 0-1

[Event "Titled Tue 20th May Early"]
[Site "chess.com INT"]
[Date "2025.05.20"]
[Round "4"]
[White "Perossa, Nicolas"]
[Black "Iunusov, Nuriddin"]
[Result "1-0"]
[WhiteTitle "FM"]
[BlackTitle "CM"]
[WhiteElo "2262"]
[BlackElo "1953"]
[WhiteFideId "2850520"]
[BlackFideId "13803026"]
[EventDate "2025.05.20"]

1. Nf3 Nf6 2. b3 g6 3. Bb2 Bg7 4. c4 O-O 5. g3 d6 6. Bg2 e5 7. O-O Nbd7 8. Nc3
Re8 9. d4 c6 10. e4 Qc7 11. Re1 a6 12. a4 a5 13. Qc2 Nf8 14. Rad1 Bg4 15. h3
Bxf3 16. Bxf3 Ne6 17. Ne2 h5 18. Bg2 Nd7 19. d5 Nec5 20. Nc3 Rad8 21. Ba3 Bf8
22. Rd2 Bh6 23. Rde2 Bf8 24. Rf1 Qb6 25. Rb1 Na6 26. Kh2 Ndc5 27. Bxc5 Nxc5 28.
Na2 h4 29. Nc1 cxd5 30. exd5 e4 31. Na2 Bg7 32. Nc3 hxg3+ 33. fxg3 e3 34. Nb5
Re7 35. Rf1 Rde8 36. h4 Na6 37. h5 gxh5 38. Rf5 Nb4 39. Qd1 Re5 40. Qf1 Rxf5 41.
Qxf5 Re5 42. Qc8+ Kh7 43. Bh3 Kh6 44. Qd7 Nd3 45. Qxf7 Nc1 46. Re1 Qd8 47. Qf4+
Qg5 48. Qxg5+ Kxg5 49. Rxc1 h4 50. Re1 Bf6 51. Re2 Re4 52. gxh4+ Kxh4 53. Bg2
Be5+ 54. Kg1 Rg4 55. Rxe3 1-0

[Event "Titled Tue 20th May Early"]
[Site "chess.com INT"]
[Date "2025.05.20"]
[Round "4"]
[White "Kovalchuk, Alexey"]
[Black "Khafizova, Diana"]
[Result "0-1"]
[WhiteTitle "FM"]
[BlackTitle "WFM"]
[WhiteElo "2304"]
[BlackElo "2073"]
[WhiteFideId "24154385"]
[BlackFideId "34378049"]
[EventDate "2025.05.20"]

1. d4 Nf6 2. c4 e6 3. Nc3 Bb4 4. Qc2 c5 5. dxc5 O-O 6. Nf3 Nc6 7. a3 Bxc5 8. b4
Nd4 9. Nxd4 Bxd4 10. Bb2 d5 11. Rd1 Be5 12. e4 Re8 13. Be2 Qc7 14. Nb5 Qb8 15.
exd5 exd5 16. cxd5 Bd7 17. Nc3 Qc7 18. O-O Bxc3 19. Bxc3 Rxe2 20. Qxe2 Qxc3 21.
Rd3 Qc7 22. d6 Qb6 23. Qe5 Re8 24. Qa1 Bb5 25. Rg3 Qxd6 26. Rd1 Qe7 27. Re3 Qf8
28. Rxe8 Qxe8 29. Qd4 a6 30. h3 h6 31. Rc1 Qe4 32. Qxe4 Nxe4 33. Rc8+ Kh7 34.
Rc7 Nd6 35. f3 Bc6 36. Kf2 Kg6 37. g4 Nb5 38. Rc8 Nxa3 39. f4 Nc2 40. Rd8 Nxb4
41. f5+ Kf6 42. Kg3 Ke7 43. Rd4 Nd5 44. h4 b5 45. g5 hxg5 46. hxg5 f6 47. g6 Kd6
48. Rh4 Ke5 49. Rh7 Kxf5 50. Rxg7 Be8 51. Rg8 Bxg6 52. Rd8 Ke5 53. Kf3 Be4+ 54.
Ke2 f5 55. Re8+ Kd4 56. Kd2 b4 57. Rb8 f4 58. Ra8 f3 59. Rxa6 f2 60. Ra1 b3 61.
Rf1 b2 62. Rxf2 b1=Q 63. Rf3 Qb2+ 64. Ke1 Bxf3 65. Kf1 Qe2+ 66. Kg1 Qg2# 0-1